عشرون عاما قلبت موازين العالم من برلين إلى بكين/ (رقم التسجيلة. 180414)

تفاصيل مارك
000 -LEADER
fixed length control field 01839namaa2200409 i 4500
003 - CONTROL NUMBER IDENTIFIER
control field EG-GICUC
005 - DATE AND TIME OF LATEST TRANSACTION
control field 20260608111843.0
008 - FIXED-LENGTH DATA ELEMENTS--GENERAL INFORMATION
fixed length control field 260608m20152016ua |||jr|||| 000 0 ara d
017 ## - COPYRIGHT OR LEGAL DEPOSIT NUMBER
Copyright or legal deposit number 2012 / 43440
-- 2012 / 3688
Assigning agency دار الكتب والوثائق القومية (مصر)
020 ## - INTERNATIONAL STANDARD BOOK NUMBER
International Standard Book Number 9789777049900
020 ## - INTERNATIONAL STANDARD BOOK NUMBER
International Standard Book Number 9789777049658
040 ## - CATALOGING SOURCE
Original cataloging agency EG-GiCUC
Language of cataloging ara
Transcribing agency EG-GiCUC
Modifying agency EG-GiCUC
Description conventions rda
041 1# - LANGUAGE CODE
Language code of text/sound track or separate title ara
Language code of original fre
082 04 - DEWEY DECIMAL CLASSIFICATION NUMBER
Edition number 21
Classification number 909.82
Item number M769
092 04 - LOCALLY ASSIGNED DEWEY CALL NUMBER (OCLC)
Edition number 21
Classification number 909.82
Item number M769
099 ## - LOCAL FREE-TEXT CALL NUMBER (OCLC)
Classification number 909.82 M769
100 1# - MAIN ENTRY--PERSONAL NAME
Personal name مونبريال، تييرى دو
Relator term مؤلف.
240 1# - UNIFORM TITLE
Uniform title 20 ans qui bouleversérent le monde: de berlin à pékin
Language of a work Arabic
245 1# - TITLE STATEMENT
Title عشرون عاما قلبت موازين العالم من برلين إلى بكين/
Statement of responsibility, etc. تأليف تييرى دو مونبريال ؛ ترجمة داليا محمد الطوخى ؛ تقديم أمل الصبان.
250 ## - EDITION STATEMENT
Edition statement الطبعة الاولى
264 ## - PRODUCTION, PUBLICATION, DISTRIBUTION, MANUFACTURE, AND COPYRIGHT NOTICE
Place of production, publication, distribution, manufacture القاهرة (مصر) :
Name of producer, publisher, distributor, manufacturer المركز القومى للترجمة،
Date of production, publication, distribution, manufacture, or copyright notice 2015-2016.
300 ## - PHYSICAL DESCRIPTION
Extent مجلد 2
Other physical details ؛
Dimensions 24 سم
336 ## - CONTENT TYPE
Source rdacontent
Content type term text
337 ## - MEDIA TYPE
Source rdamedia
Media type term Unmediated
338 ## - CARRIER TYPE
Source rdacarrier
Carrier type term volume
490 ## - SERIES STATEMENT
Series statement المركز القومى للترجمة ؛
Volume/sequential designation 2118
-- 2119
500 ## - GENERAL NOTE
General note الترجمة العربية لـ : 20 ans qui bouleversérent le monde: de berlin à pékin
504 ## - BIBLIOGRAPHY, ETC. NOTE
Bibliography, etc. note يشتمل على ارجاعات ببلويجرافية.
541 ## - IMMEDIATE SOURCE OF ACQUISITION NOTE
Source of acquisition وزارة الثقافة ؛
Address القاهرة ؛
Method of acquisition إهداء ؛
Date of acquisition 2023.
650 17 - SUBJECT ADDED ENTRY--TOPICAL TERM
Topical term or geographic name entry element العالم
General subdivision تاريخ
Chronological subdivision القرن العشرون
Source of heading or term qrmak
650 17 - SUBJECT ADDED ENTRY--TOPICAL TERM
Topical term or geographic name entry element العالم
General subdivision تاريخ
Source of heading or term qrmak
651 17 - SUBJECT ADDED ENTRY--GEOGRAPHIC NAME
Source of heading or term qrmak
Geographic name العالم
General subdivision احوال سياسية
700 1# - ADDED ENTRY--PERSONAL NAME
Personal name الطوخى، داليا
Relator term مترجم.
700 1# - ADDED ENTRY--PERSONAL NAME
Personal name الصبان، امل
Relator term مقدم.
905 ## - Cataloger and Reviser Names
Cataloger Name Aya Mohamed
942 ## - ADDED ENTRY ELEMENTS (KOHA)
Source of classification or shelving scheme Dewey Decimal Classification
Koha item type Books
Edition 21
Suppress in OPAC No
المقتنيات
Withdrawn status Lost status Source of classification or shelving scheme Damaged status Not for loan Home library Current library Date acquired Inventory number Total checkouts Full call number Barcode Date last seen Copy number Price effective from Koha item type
    Dewey Decimal Classification   Not for loan المكتبة المركزبة الجديدة - جامعة القاهرة قاعة الانسانيات - الدور الثاني 08.06.2026 170226   909.82 M769 v.1 c.1 01000100170226001 08.06.2026 C.1 08.06.2026 Books
    Dewey Decimal Classification   Not for loan المكتبة المركزبة الجديدة - جامعة القاهرة قاعة الانسانيات - الدور الثاني 08.06.2026 170226   909.82 M769 v.2 c.1 01000100170226002 08.06.2026 C.1 08.06.2026 Books
    Dewey Decimal Classification   Not for loan المكتبة المركزبة الجديدة - جامعة القاهرة قاعة الانسانيات - الدور الثاني 08.06.2026 170227   909.82 M769 v.1 c.2 01000100170227001 08.06.2026 C.2 08.06.2026 Books
    Dewey Decimal Classification   Not for loan المكتبة المركزبة الجديدة - جامعة القاهرة قاعة الانسانيات - الدور الثاني 08.06.2026 170227   909.82 M769 v.2 c.2 01000100170227002 08.06.2026 C.2 08.06.2026 Books
    Dewey Decimal Classification     المكتبة المركزبة الجديدة - جامعة القاهرة مخزن الكتب - البدروم 08.06.2026 170228   909.82 M769 v.1 c.3 Store 01000100170228001 08.06.2026 C.3 08.06.2026 Books
    Dewey Decimal Classification     المكتبة المركزبة الجديدة - جامعة القاهرة مخزن الكتب - البدروم 08.06.2026 170228   909.82 M769 v.2 c.3 Store 01000100170228002 08.06.2026 C.3 08.06.2026 Books
Cairo University Libraries Portal Implemented & Customized by: Eng. M. Mohamady Contacts: new-lib@cl.cu.edu.eg | cnul@cl.cu.edu.eg
CUCL logo CNUL logo
© All rights reserved — Cairo University Libraries
CUCL logo
Implemented & Customized by: Eng. M. Mohamady Contact: new-lib@cl.cu.edu.eg © All rights reserved — New Central Library
CNUL logo
Implemented & Customized by: Eng. M. Mohamady Contact: cnul@cl.cu.edu.eg © All rights reserved — Cairo National University Library